Life: Pre-Intermediate. Workbook

Uloženo v:
Podrobná bibliografie
Hlavní autor: Hughes, John (Autor)
Médium: Kniha
Jazyk:angličtina
Vydáno: Hampshire National Geographic Learning 2013
Hampshire Cengage Learning 2013
Vydání:1a. ed
Edice:B1
Témata:
Tagy: Přidat tag
Žádné tagy, Buďte první, kdo vytvoří štítek k tomuto záznamu!

MARC

LEADER 00000cam a2200000 a 4500
001 UCE7560
003 CL-VaPUC
008 150626e20130000uk |||||||||||||||||eng|d
020 |a 9781133316138 
082 0 4 |a 428  |b HUG  |2 21 
100 |a Hughes, John  |e author  |9 591967 
245 1 0 |a Life: Pre-Intermediate. Workbook 
250 |a 1a. ed 
300 |a 143 p 
942 |c BK 
945 |d 20150626 15:30:00  |a dcastane 
260 |a Hampshire  |b National Geographic Learning  |c 2013 
260 |a Hampshire  |b Cengage Learning  |c 2013 
500 |a Incluye 2 CD 
650 0 |a Educación lingüística  |9 306506 
650 0 |a Métodos de enseñanza  |9 270413 
650 0 |a Lengua inglesa  |9 318842 
650 0 |a Enseñanza del inglés  |9 367340 
650 0 |a Libros de texto  |9 270019 
583 |a last modification  |c 20150626 15:30:00  |k Rodrigo Vera 
490 0 |a B1 
999 |c 359617  |d 359615 
952 |0 0  |1 0  |3 erb  |4 0  |6 428_000000000000000_HUG_2013_2013  |7 0  |8 ?  |9 468927  |a FDOILP  |b FDOILP  |i 5166780  |o 428 HUG 2013 2013  |p 5166780  |r 2019-11-23  |w 2019-11-23  |y BK  |z Catalogado en:20150626  |k ILP 
952 |0 0  |1 0  |3 erb  |4 0  |6 428_000000000000000_HUG_2013_2013  |7 0  |8 ?  |9 468928  |a FDOILP  |b FDOILP  |i 5166799  |o 428 HUG 2013 2013  |p 5166799  |r 2019-11-23  |w 2019-11-23  |y BK  |z Catalogado en:20150626  |k ILP 
952 |0 0  |1 0  |3 erb  |4 0  |6 428_000000000000000_HUG_2013_2013  |7 0  |8 ?  |9 468929  |a FDOILP  |b FDOILP  |i 5166802  |o 428 HUG 2013 2013  |p 5166802  |r 2019-11-23  |w 2019-11-23  |y BK  |z Catalogado en:20150626  |k ILP 
952 |0 0  |1 0  |3 erb  |4 0  |6 428_000000000000000_HUG_2013_2013  |7 0  |8 ?  |9 468930  |a FDOILP  |b FDOILP  |i 5166810  |o 428 HUG 2013 2013  |p 5166810  |r 2019-11-23  |w 2019-11-23  |y BK  |z Catalogado en:20150626  |k ILP 
952 |0 0  |1 2  |3 erb  |4 0  |6 428_000000000000000_HUG_2013_2013  |7 0  |8 R  |9 468931  |a BIBING  |b BIBING  |i 5167485  |o 428 HUG 2013 2013  |p 5167485  |r 2019-11-23  |w 2019-11-23  |y BK_R  |z Catalogado en:20150626  |k ILI 
952 |0 0  |1 1  |2 ddc  |3 erb  |4 0  |6 428_000000000000000_HUG_2013_2013  |7 0  |8 R  |9 468932  |a BIBING  |b BIBMEC  |i 5167493  |l 1  |o 428 HUG 2013 2013  |p 5167493  |r 2023-08-31  |s 2022-03-28  |w 2019-11-23  |y BK_R  |z Catalogado en:20150626  |k ILI 
952 |0 0  |1 0  |3 erb  |4 0  |6 428_000000000000000_HUG_2013_2013  |7 0  |8 A  |9 468933  |a BIBCUR  |b BIBCUR  |i 5167892  |l 3  |m 1  |o 428 HUG 2013 2013  |p 5167892  |r 2025-04-22  |s 2022-06-02  |w 2019-11-23  |y BK  |z Catalogado en:20150626  |k ILC 
952 |0 0  |1 0  |3 erb  |4 0  |6 428_000000000000000_HUG_2013_2013  |7 0  |8 A  |9 468934  |a BIBCUR  |b BIBCUR  |i 5167884  |o 428 HUG 2013 2013  |p 5167884  |r 2025-04-22  |w 2019-11-23  |y BK  |z Catalogado en:20150626  |k ILC 
952 |0 0  |1 0  |2 ddc  |3 erb  |4 0  |6 428_000000000000000_HUG_2013_2013  |7 0  |8 A  |9 468935  |a BIBENE  |b BIBENE  |i 5168392  |l 3  |o 428 HUG 2013 2013  |p 5168392  |r 2025-05-06  |s 2025-05-06  |w 2019-11-23  |y BK  |z Catalogado en:20150626  |k ILG 
952 |0 0  |1 0  |2 ddc  |3 erb  |4 0  |6 428_000000000000000_HUG_2013_2013  |7 0  |8 A  |9 468936  |a BIBENE  |b BIBENE  |i 5168384  |o 428 HUG 2013 2013  |p 5168384  |r 2025-01-15  |w 2019-11-23  |y BK  |z Catalogado en:20150626  |k ILG